000 00240nam a22000977a 4500
008 170110b xxu||||| |||| 00| 0 eng d
041 _aeng
080 _25TH
_a618.2
245 _aLABORATORY EXPERIMENTS IN PHYSIOLOGY
_cZOETHOUT
942 _2udc
_cBK
999 _c2610
_d2610